000 04376nam a2200313 i 4500
003 CSPC
005 20250910155532.0
008 250910s2023 -uk 001 0 eng d
020 _a9781804614976
040 _cCSPC
_aCSPC
_beng
_erda
050 0 4 _aQA248.5
_b.N377 2023
082 0 4 _a005.8
_bN163f
100 1 _aNappa, Antonio,
_eauthor.
245 1 0 _aFuzzing against the machine :
_bautomate vulnerability research with emulated IoT devices on QEMU /
_cAntonio Nappa and Eduardo Blázquez.
250 _a1st edition.
264 1 _aBirmingham, UK :
_bPackt Publishing,
_c2023.
300 _axx, 217 pages :
_billustrations ;
_c24 cm.
336 _2rdacontent
_atext
337 _2rdamedia
_aunmediated
338 _2rdacarrier
_avolume
500 _aIncludes index.
505 0 _aPart 1: Foundations -- Who this book is for -- History of emulation -- QEMU from the ground -- Part 2: Emulation and fuzzing -- QEMU execution modes and fuzzing -- A famous refrain: AFL + QEMU = CVEs -- Modifying QEMU for basic instrumentation -- Part 3: Advanced concepts -- Real-life case study: Samsung exynos baseband -- Case study: OpenWrt Full-system fuzzing -- Case study: OpenWrt system fuzzing for ARM -- Finally here: iOS full systems fuzzing -- Deus ex machina: fuzzing android libraries.
520 _a"Find security flaws in any architecture effectively through emulation and fuzzing with QEMU and AFL Purchase of the print or Kindle book includes a free PDF eBook Key Features Understand the vulnerability landscape and useful tools such as QEMU and AFL Explore use cases to find vulnerabilities and execute unknown firmware Create your own firmware emulation and fuzzing environment to discover vulnerabilities Book Description Emulation and fuzzing are among the many techniques that can be used to improve cybersecurity; however, utilizing these efficiently can be tricky. Fuzzing Against the Machine is your hands-on guide to understanding how these powerful tools and techniques work. Using a variety of real-world use cases and practical examples, this book helps you grasp the fundamental concepts of fuzzing and emulation along with advanced vulnerability research, providing you with the tools and skills needed to find security flaws in your software. The book begins by introducing you to two open source fuzzer engines: QEMU, which allows you to run software for whatever architecture you can think of, and American fuzzy lop (AFL) and its improved version AFL++. You'll learn to combine these powerful tools to create your own emulation and fuzzing environment and then use it to discover vulnerabilities in various systems, such as iOS, Android, and Samsung's Mobile Baseband software, Shannon. After reading the introductions and setting up your environment, you'll be able to dive into whichever chapter you want, although the topics gradually become more advanced as the book progresses. By the end of this book, you'll have gained the skills, knowledge, and practice required to find flaws in any firmware by emulating and fuzzing it with QEMU and several fuzzing engines. What you will learn Understand the difference between emulation and virtualization Discover the importance of emulation and fuzzing in cybersecurity Get to grips with fuzzing an entire operating system Discover how to inject a fuzzer into proprietary firmware Know the difference between static and dynamic fuzzing Look into combining QEMU with AFL and AFL++ Explore Fuzz peripherals such as modems Find out how to identify vulnerabilities in OpenWrt Who this book is for This book is for security researchers, security professionals, embedded firmware engineers, and embedded software professionals. Learners interested in emulation, as well as software engineers interested in vulnerability research and exploitation, software testing, and embedded software development will also find it useful. The book assumes basic knowledge of programming (C and Python); operating systems (Linux and macOS); and the use of Linux shell, compilation, and debugging."
650 0 _aInternet of things
_vSecurity measures
_xResearch
_xMethodology.
650 0 _aFuzzy algorithms.
700 1 _aBlázquez, Eduardo,
_eauthor.
942 _2ddc
_n0
_cBK
_h005.8
_iN163f
_kGRD
_m2023
999 _c30471
_d30471